Gumárenské zmesi s prírodnými plnivami

Na minha lista:
Detalhes bibliográficos
Autor principal: Kubačková, Janka, 1987- (Author)
Outros Autores: Hudec, Ivan, 1954- (Thesis advisor)
Formato: Manuscrito Livro
Idioma:eslovaco
Assuntos:
Acesso em linha:http://is.stuba.sk/zp/portal_zp.pl?podrobnosti=82460
Tags: Adicionar Tag
Sem tags, seja o primeiro a adicionar uma tag!

MARC

LEADER 00000ntm a22000003a 4500
001 stuzp23198
003 SK-STU
005 20150617230330.0
007 ta
008 150427s2015----xo-----f-mn---000-0-slo-d
040 |a STU  |b slo 
041 0 |a slo 
100 1 |a Kubačková, Janka,  |d 1987-  |u 049370  |4 aut  |U FCHPT Ústav prírodných a syntetických polymérov  |T FCHPT Oddelenie plastov a kaučuku  |X 27600  |U C9370  |Y 128  |7 A000027600 
242 0 1 |a Rubber blends with natural fillers  |y eng 
245 1 0 |a Gumárenské zmesi s prírodnými plnivami 
650 4 |a kaučukové zmesi  |2 slo 
650 4 |a lignín  |2 slo 
650 4 |a plnivá  |2 slo 
650 4 |a celulózy  |2 slo 
650 4 |a stabilizačné vlastnosti  |2 slo 
650 4 |a rubber blends  |2 eng 
650 4 |a fillers  |2 eng 
650 4 |a lignin  |2 eng 
650 4 |a cellulose  |2 eng 
650 4 |a stabilizing effect  |2 eng 
700 1 |a Hudec, Ivan,  |d 1954-  |4 ths  |X 3303  |7 A000003303 
856 4 |u http://is.stuba.sk/zp/portal_zp.pl?podrobnosti=82460 
SQL |a stuzp23198  |b DDZ  |c SLO  |d Gumárenské zmesi s prírodnými plnivami  |e 27600  |f Kubačková, Janka  |g 049370  |h 3303  |i Hudec, Ivan  |j 20140819  |k 146  |l 04  |m http://is.stuba.sk/zp/portal_zp.pl?podrobnosti=82460